000 01368aam a2200253 i 4500
003 KPN
005 20260416113622.0
008 20260416b 00| 0 eng d
020 _a9780241608005
_qhardback
_cRM99.75
040 _cKPN
050 _a158.1 NAF 2023
082 0 4 _a158.1 NAF 2023
_223
090 2 0 _a158.1 NAF 2023
_bNAF
100 1 _aNafousi, Roxie,
_eauthor.
245 1 0 _aManifest :
_bDive deeper/
_cRoxie Nafaousi
264 1 _aUK :
_bPenguin Michael Joseph,
_c2023
300 _a232 pages ;
_c22 cm
500 _aIncludes index
500 _aIncludes questions and exercises
521 _aManifest showed you it's possible to change your life. Now Dive Deeper will show you every step you need to take to get there. In this hotly-demanded follow-up, you will discover exactly how to unlock your limitless potential, create lasting, transformative change, and turn your dreams into a reality. Expanding your understanding of each of the unique seven steps to manifestation, Roxie Nafousi provides practical techniques to teach you how to harness your potential and confidently step into your power. Each chapter is filled with simple and inspiring exercises designed to cultivate self-awareness, reflection and growth, empowering your manifesting process even more.
650 1 0 _aSelf-actualization (Psychology)
650 2 0 _aSuccess
942 _2ddc
_c1
_n0
999 _c1816
_d1816